| 000 | 00552nam a2200169 a 4500 | ||
|---|---|---|---|
| 001 | 000028309 | ||
| 005 | 20200930031528.0 | ||
| 008 | 110407s1980 dr a r 000 0 spa d | ||
| 020 | _a8449937906 | ||
| 040 |
_aDO-SdBNP _bspa _cBNPHU |
||
| 082 |
_axxxx _bA366C |
||
| 100 | 1 |
_aAlegría, Ricardo E. _916236 |
|
| 245 | 1 | 0 |
_aCristóbal Colón y el tesoro de los indios taínos de la Española / _cRicardo E. Alegría. |
| 260 |
_aSanto Domingo : _bFundación García Arévalo, _c1980. |
||
| 300 |
_a48 p. : _bil. ; _c18 cm. |
||
| 504 | _aBibliografía : p. 44-46 | ||
| 999 |
_c27801 _d27801 |
||